|
|
|
|
| LEADER |
00887nam a2200241 a 4500 |
| 001 |
15541716 |
| 008 |
100705r2009 ii a 000 0 eng d |
| 010 |
|
|
|a 2008301058
|
| 020 |
|
|
|a 8177228544
|
| 020 |
|
|
|a 9788177228540
|
| 040 |
|
|
|a VPW
|c VPW
|d BAKER
|d YDXCP
|d BTCTA
|d TXA
|d CDX
|d IXA
|d AU@
|d DLC
|d BD-DhAAL
|
| 082 |
0 |
4 |
|a 005.75/85
|2 22
|
| 245 |
1 |
0 |
|a Oracle 11g Administration :
|b in simple steps
|
| 260 |
|
|
|a New Delhi :
|b Dreamtech Press,
|c c2009 [Reprinted]
|
| 300 |
|
|
|a viii, 256 p. :
|b ill. ;
|c 24 cm.
|
| 541 |
1 |
|
|e 00020590
|
| 630 |
0 |
0 |
|a Oracle (Computer file)
|
| 650 |
|
0 |
|a Relational databases.
|
| 650 |
|
0 |
|a Database management.
|
| 710 |
1 |
|
|a Kogent Solutions Inc.
|
| 852 |
4 |
|
|a Ayesha Abed Library
|j General shelf
|
| 999 |
|
|
|c 9316
|d 9316
|
| 952 |
|
|
|0 0
|1 0
|2 ddc
|4 0
|6 005_758500000000000_ORA_2009
|7 0
|9 11862
|a BRACUL
|b BRACUL
|c GEN
|d 2010-09-20
|l 0
|o 005.7585 ORA
|p 3010020590
|r 2010-09-20
|t 1
|w 2010-09-20
|y BK
|